000 00296nam a22001337a 4500
008 180924b xxu||||| |||| 00| 0 eng d
020 _a735918330924
041 _aeng
080 _a610
100 _a3
101 _aSHM
245 _aCoping with an Organ Transplant
_cParr, E
942 _2udc
_cBK
999 _c48408
_d48408